Entry Personal Name
Number of records used in: 1
001 - CONTROL NUMBER
003 - CONTROL NUMBER IDENTIFIER
005 - DATE AND TIME OF LATEST TRANSACTION
- control field:
20231103104046.0
008 - FIXED-LENGTH DATA ELEMENTS
- fixed length control field:
020103n| azannaabn |b aaa c
010 ## - LIBRARY OF CONGRESS CONTROL NUMBER
- LC control number:
no2002000347
035 ## - SYSTEM CONTROL NUMBER
- System control number:
(OCoLC)oca05657551
040 ## - CATALOGING SOURCE
- Original cataloging agency:
SaBvUWC
- Language of cataloging:
eng
- Transcribing agency:
SaBvUWC
- Modifying agency:
OCoLC
- Modifying agency:
DLC
- Description conventions:
rda
046 ## - SPECIAL CODED DATES
- Birth date:
1961-09-17
- Source of date scheme:
edtf
100 1# - HEADING--PERSONAL NAME
- Personal name:
Fatoohi, Louay
375 ## - GENDER
377 ## - ASSOCIATED LANGUAGE
400 1# - SEE FROM TRACING--PERSONAL NAME
- Personal name:
فتوحي، لؤي
670 ## - SOURCE DATA FOUND
- Source citation:
Jila' al-khatir ... 1998:
- Information found:
t.p. ( Louay Fatoohi)
670 ## - SOURCE DATA FOUND
- Source citation:
Abrogation in the Qurʼan and Islamic law, 2012
- Information found:
ECIP data (Fatoohi, Louay; b. 9/17/1961)